[Event "Kaluga Tsiolkovsky Memorial op"]
[Site "Kaluga"]
[Date "2016.08.15"]
[Round "9"]
[White "Tarasov, Igor"]
[Black "Fedotov, Nikita"]
[Result "1/2-1/2"]
[WhiteElo "2258"]
[BlackElo "1928"]
[PlyCount "95"]
[EventDate "2016.08.06"]
[EventType "swiss"]
[EventRounds "9"]
[EventCountry "RUS"]
[SourceTitle "CBM 174 Extra"]
[Source "ChessBase"]
[SourceDate "2016.10.10"]
[SourceVersion "1"]
[SourceVersionDate "2016.10.10"]
[SourceQuality "1"]

1. e4 g6 2. d4 Bg7 3. Nf3 c5 4. c3 Qa5 5. dxc5 Qxc5 6. Be3 Qc7 7. Bd3 d6 8. 0-0 Nf6 9. c4 Ng4 10. Bc1 0-0 11. h3 Ne5 12. Nxe5 Bxe5 13. Na3 Nc6 14. Nb5 Qd8 15. Bh6 Bg7 16. Qd2 Bd7 17. Rac1 Bxh6 18. Qxh6 Ne5 19. Be2 Bxb5 20. cxb5 Qb6 21. Qd2 Nd7 22. b4 Nf6 23. Qd3 a5 24. bxa6 Rxa6 25. Qb3 Raa8 26. Bd3 Rac8 27. Rc4 Nd7 28. Rfc1 Rxc4 29. Bxc4 Ne5 30. a4 e6 31. Bb5 Qd4 32. Qb1 Rd8 33. Rd1 Qc3 34. Kh2 d5 35. f4 Nc6 36. Bxc6 Qxc6 37. Qb3 d4 38. e5 Qe4 39. Qf3 Qxf3 40. gxf3 d3 41. a5 Rd4 42. b5 Rd5 43. a6 bxa6 44. bxa6 Ra5 45. Rxd3 Rxa6 46. Rd7 Ra4 47. Kg3 h5 48. h4 1/2-1/2

[Event "Voronezh op-A 20th"]
[Site "Voronezh"]
[Date "2016.06.14"]
[Round "3"]
[White "Tillyaev, Ulugbek"]
[Black "Fedotov, Nikita"]
[Result "1/2-1/2"]
[WhiteElo "2322"]
[BlackElo "2192"]
[PlyCount "72"]
[EventDate "2016.06.12"]
[EventType "swiss"]
[EventRounds "9"]
[EventCountry "RUS"]
[SourceTitle "EXT 2019"]
[Source "ChessBase"]
[SourceDate "2018.10.10"]
[SourceVersion "1"]
[SourceVersionDate "2018.10.10"]
[SourceQuality "1"]

1. e4 c5 2. Nf3 d6 3. d4 cxd4 4. Nxd4 Nf6 5. f3 g6 6. c4 Nc6 7. Be3 Bg7 8. Qd2 0-0 9. Nc3 Bd7 10. Be2 Qa5 11. 0-0 Rfc8 12. Rac1 Nxd4 13. Bxd4 a6 14. Rfd1 Qd8 15. b3 Bc6 16. b4 b6 17. Be3 Nd7 18. Nd5 Bxd5 19. cxd5 b5 20. f4 Rxc1 21. Rxc1 Rc8 22. a4 bxa4 23. Bxa6 Rxc1+ 24. Qxc1 Qb8 25. b5 Qd8 26. Kf1 Qa5 27. Qc8+ Nf8 28. b6 a3 29. Bc4 Qc3 30. b7 Qxe3 31. b8Q Qxf4+ 32. Ke2 Qxe4+ 33. Kf1 Qf4+ 34. Ke2 Qe4+ 35. Kf1 Qf4+ 36. Ke2 Qe4+ 1/2-1/2

[Event "Nezhmetdinov Memorial 38th"]
[Site "Kazan"]
[Date "2016.06.07"]
[Round "8"]
[White "Gismatullin, Sayar"]
[Black "Fedotov, Nikita"]
[Result "1/2-1/2"]
[WhiteElo "1875"]
[BlackElo "2192"]
[PlyCount "56"]
[EventDate "2016.05.31"]
[EventType "swiss"]
[EventRounds "9"]
[EventCountry "RUS"]
[SourceTitle "CBM 172 Extra"]
[Source "ChessBase"]
[SourceDate "2016.06.21"]
[SourceVersion "1"]
[SourceVersionDate "2016.06.21"]
[SourceQuality "1"]

1. e4 c5 2. Nf3 d6 3. d4 cxd4 4. Nxd4 Nf6 5. Nc3 a6 6. Be2 e6 7. Be3 Be7 8. 0-0 0-0 9. a4 Qc7 10. Kh1 Nc6 11. f4 Re8 12. Nb3 b6 13. Qe1 Bb7 14. Qf2 Nd7 15. Rad1 Nb4 16. Bf3 Rad8 17. Rd4 Nc6 18. Rdd1 Nc5 19. Nd4 Nb4 20. f5 Bf6 21. fxe6 fxe6 22. g4 Rf8 23. Qg2 Be5 24. g5 g6 25. Nce2 Rxf3 26. Nxf3 Bxe4 27. c3 Nd5 28. Bxc5 Qxc5 1/2-1/2

[Event "Nezhmetdinov Memorial 38th"]
[Site "Kazan"]
[Date "2016.06.06"]
[Round "7"]
[White "Fedotov, Nikita"]
[Black "Shkuro, Alexandr"]
[Result "0-1"]
[WhiteElo "2192"]
[BlackElo "1992"]
[PlyCount "158"]
[EventDate "2016.05.31"]
[EventType "swiss"]
[EventRounds "9"]
[EventCountry "RUS"]
[SourceTitle "CBM 172 Extra"]
[Source "ChessBase"]
[SourceDate "2016.06.21"]
[SourceVersion "1"]
[SourceVersionDate "2016.06.21"]
[SourceQuality "1"]

1. g3 d5 2. Nf3 Nf6 3. Bg2 e6 4. 0-0 c5 5. d4 Nc6 6. c4 dxc4 7. Qa4 Bd7 8. dxc5 Qa5 9. Qxc4 Qxc5 10. Qb3 Qb4 11. Qc2 Rc8 12. a3 Qc5 13. Nc3 Be7 14. e4 e5 15. Be3 Nd4 16. Qd2 Nxf3+ 17. Bxf3 Qa5 18. b4 Qa6 19. Qb2 0-0 20. Rac1 b6 21. Be2 Qb7 22. f3 Be6 23. Nb1 Nd7 24. Nd2 f6 25. Rfd1 Rxc1 26. Rxc1 Rc8 27. Rc3 Nf8 28. Qc1 Rxc3 29. Qxc3 Qc8 30. Qxc8 Bxc8 31. Nc4 Kf7 32. Kf2 Ne6 33. f4 exf4 34. gxf4 Nc7 35. Ke1 Bb7 36. Bd3 g6 37. Kd2 Ke6 38. Kc2 f5 39. e5 Nd5 40. Bd2 Bc6 41. Kb3 h6 42. a4 g5 43. b5 Bd7 44. Ne3 Nxe3 45. Bxe3 gxf4 46. Bd4 Kd5 47. Bc3 Bc5 48. Bc4+ Ke4 49. e6 Be8 50. Bg7 h5 51. Kc2 f3 52. Kd2 Bb4+ 53. Kd1 h4 54. h3 Bh5 55. Bf6 f2+ 56. Kc2 Kf3 57. Bf1 Kg3 58. Be5+ f4 59. Kb3 Bc5 60. Kc4 Be3 61. Kd5 Bg6 62. e7 Kh2 63. Bf6 Kg1 64. Be2 f1Q 65. Bxf1 Kxf1 66. Bxh4 Kg2 67. Bg5 Kxh3 68. Kc6 Kg4 69. Bh6 Kh5 70. Bxf4 Bxf4 71. Kd7 Kg5 72. e8Q Bxe8+ 73. Kxe8 Kf6 74. Kd7 Ke5 75. Kc6 Bd2 76. Kb7 Kd6 77. Kxa7 Kc7 78. Ka6 Bc3 79. Ka7 Ba5 0-1

[Event "Nezhmetdinov Memorial 38th"]
[Site "Kazan"]
[Date "2016.06.03"]
[Round "4"]
[White "Mohammad, Nubairshah Shaikh"]
[Black "Fedotov, Nikita"]
[Result "1-0"]
[WhiteElo "2413"]
[BlackElo "2192"]
[PlyCount "91"]
[EventDate "2016.05.31"]
[EventType "swiss"]
[EventRounds "9"]
[EventCountry "RUS"]
[SourceTitle "CBM 172 Extra"]
[Source "ChessBase"]
[SourceDate "2016.06.21"]
[SourceVersion "1"]
[SourceVersionDate "2016.06.21"]
[SourceQuality "1"]

1. d4 Nf6 2. c4 g6 3. Nc3 d5 4. cxd5 Nxd5 5. Bd2 Bg7 6. e4 Nb6 7. Be3 0-0 8. Nf3 Nc6 9. h3 f5 10. exf5 Bxf5 11. Qb3+ Kh8 12. 0-0-0 Qd6 13. a3 Rad8 14. Bd3 Be6 15. Qc2 Na5 16. Ne4 Qd5 17. Nc5 Qa2 18. Nd2 Bg8 19. Qc3 Nc6 20. Bb1 Qd5 21. Be4 Qa2 22. Ndb3 Na4 23. Nxa4 Qxb3 24. Nc5 Qb6 25. Rd3 e5 26. Nxb7 Qxb7 27. Bxc6 Qa6 28. d5 Rb8 29. Rd2 Rfd8 30. Re1 Rd6 31. f4 Rf6 32. fxe5 Rf1 33. Rdd1 Rbf8 34. Bd4 Rxe1 35. Rxe1 Rf1 36. Kd1 Rf4 37. g3 Rxd4+ 38. Qxd4 Qc8 39. g4 Qb8 40. Kc2 g5 41. Qb4 Qd8 42. e6 Qf6 43. e7 a5 44. Qc3 Qf2+ 45. Qd2 Qc5+ 46. Kb1 1-0

[Event "Voronezh op-A 18th"]
[Site "Voronezh"]
[Date "2014.06.19"]
[Round "7"]
[White "Grigorjev, Iljya"]
[Black "Fedotov, Nikita"]
[Result "0-1"]
[WhiteElo "2181"]
[BlackElo "2017"]
[PlyCount "104"]
[EventDate "2014.06.12"]
[EventType "swiss"]
[EventRounds "9"]
[EventCountry "RUS"]
[SourceTitle "CBM 160 Extra"]
[Source "ChessBase"]
[SourceDate "2014.07.01"]
[SourceVersion "1"]
[SourceVersionDate "2014.07.01"]
[SourceQuality "1"]

1. e4 c5 2. Nf3 e6 3. d4 cxd4 4. Nxd4 Nf6 5. Nc3 d6 6. Be3 a6 7. f3 b5 8. Qd2 Nbd7 9. g4 Nb6 10. a4 Nc4 11. Bxc4 bxc4 12. a5 Bb7 13. Qe2 Qc7 14. h4 h6 15. Kf2 d5 16. exd5 Nxd5 17. Nxd5 Bxd5 18. Qd2 Qb7 19. Rhe1 Rd8 20. f4 Be7 21. Kg3 0-0 22. c3 Bd6 23. Qf2 g5 24. Re2 Qc7 25. Rf1 gxf4+ 26. Bxf4 e5 27. Bxh6 exd4+ 28. Kh3 f5 29. Qxd4 Bc5 30. Qf4 Qxf4 31. Rxf4 Rf7 32. Rxf5 Rxf5 33. gxf5 Kf7 34. Bg5 Re8 35. Rxe8 Kxe8 36. Kg4 Kf7 37. h5 Bd6 38. Bf4 Be7 39. Be5 Bd8 40. h6 Kg8 41. Kf4 Bxa5 42. Ke3 Bb6+ 43. Bd4 Bc7 44. Bg7 Bf7 45. Ke4 Kh7 46. Kf3 Bd8 47. Kg4 a5 48. Bf8 Bf6 49. Kf4 Bh5 50. Ke4 Bg5 51. Kd5 Bf7+ 52. Kc6 Bxh6 0-1

[Event "Voronezh op-A 18th"]
[Site "Voronezh"]
[Date "2014.06.12"]
[Round "1"]
[White "Demianjuk, Alexander"]
[Black "Fedotov, Nikita"]
[Result "1/2-1/2"]
[WhiteElo "2366"]
[BlackElo "2017"]
[PlyCount "38"]
[EventDate "2014.06.12"]
[EventType "swiss"]
[EventRounds "9"]
[EventCountry "RUS"]
[SourceTitle "CBM 160 Extra"]
[Source "ChessBase"]
[SourceDate "2014.07.01"]
[SourceVersion "1"]
[SourceVersionDate "2014.07.01"]
[SourceQuality "1"]

1. e4 c5 2. Nf3 e6 3. d4 cxd4 4. Nxd4 Nf6 5. Nc3 d6 6. Be3 a6 7. f3 b5 8. Qd2 Nbd7 9. 0-0-0 Bb7 10. g4 Nb6 11. Bd3 Rc8 12. h4 Nfd7 13. Kb1 Ne5 14. g5 Nec4 15. Bxc4 Nxc4 16. Qd3 Ne5 17. Qd2 Nc4 18. Qd3 Ne5 19. Qd2 Nc4 1/2-1/2

[Event "Wch U14"]
[Site "Al Ain"]
[Date "2013.12.28"]
[Round "11"]
[White "Fedotov, Nikita"]
[Black "Shi, Diwen"]
[Result "1/2-1/2"]
[WhiteElo "2045"]
[BlackElo "1924"]
[PlyCount "52"]
[EventDate "2013.12.18"]
[EventType "swiss"]
[EventRounds "11"]
[EventCountry "UAE"]
[SourceTitle "CBM 158 Extra"]
[Source "ChessBase"]
[SourceDate "2014.02.28"]
[SourceVersion "1"]
[SourceVersionDate "2014.02.28"]
[SourceQuality "1"]

1. Nf3 Nf6 2. c4 Nc6 3. g3 e5 4. Bg2 Bc5 5. 0-0 d6 6. Nc3 a6 7. a3 0-0 8. b4 Ba7 9. d3 h6 10. Bb2 Bg4 11. h3 Be6 12. Rc1 Qd7 13. Kh2 Ne7 14. c5 Ng6 15. cxd6 cxd6 16. d4 e4 17. d5 exf3 18. dxe6 fxe6 19. exf3 Ne5 20. Ne4 Nxe4 21. fxe4 Rac8 22. Rxc8 Qxc8 23. Bd4 Bxd4 24. Qxd4 Nf3+ 25. Bxf3 Rxf3 26. a4 Qc6 1/2-1/2

[Event "Wch U14"]
[Site "Al Ain"]
[Date "2013.12.26"]
[Round "9"]
[White "Kutsanian, Andranik"]
[Black "Fedotov, Nikita"]
[Result "0-1"]
[WhiteElo "1907"]
[BlackElo "2045"]
[PlyCount "56"]
[EventDate "2013.12.18"]
[EventType "swiss"]
[EventRounds "11"]
[EventCountry "UAE"]
[SourceTitle "CBM 158 Extra"]
[Source "ChessBase"]
[SourceDate "2014.02.28"]
[SourceVersion "1"]
[SourceVersionDate "2014.02.28"]
[SourceQuality "1"]

1. e4 c5 2. Nf3 e6 3. d4 cxd4 4. Nxd4 a6 5. Nc3 Qc7 6. f4 d6 7. Be3 Nf6 8. Bd3 Nbd7 9. 0-0 b5 10. g4 b4 11. Nb1 Bb7 12. Nd2 Nc5 13. Qf3 Be7 14. g5 Nfd7 15. Qg3 d5 16. e5 g6 17. N2b3 Na4 18. Rab1 Ndc5 19. Qf2 Ne4 20. Qe2 0-0 21. Bxe4 dxe4 22. h4 Nb6 23. h5 Nc4 24. Rf2 Rfd8 25. Rh2 Bf8 26. Nd2 Nxe3 27. Qxe3 Rxd4 28. hxg6 fxg6 0-1

[Event "Wch U14"]
[Site "Al Ain"]
[Date "2013.12.20"]
[Round "3"]
[White "Fedotov, Nikita"]
[Black "Hiebert, Kenji"]
[Result "1-0"]
[WhiteElo "2045"]
[BlackElo "1769"]
[PlyCount "71"]
[EventDate "2013.12.18"]
[EventType "swiss"]
[EventRounds "11"]
[EventCountry "UAE"]
[SourceTitle "CBM 158 Extra"]
[Source "ChessBase"]
[SourceDate "2014.02.28"]
[SourceVersion "1"]
[SourceVersionDate "2014.02.28"]
[SourceQuality "1"]

1. Nf3 Nf6 2. g3 d5 3. Bg2 Bg4 4. 0-0 c6 5. c4 dxc4 6. Ne5 Be6 7. Qc2 Qd4 8. Nf3 Qd6 9. Ng5 Nbd7 10. Nxe6 Qxe6 11. Nc3 g6 12. b3 cxb3 13. axb3 Bg7 14. d4 0-0 15. e4 Nb6 16. h3 Rfd8 17. Be3 Ne8 18. Rfd1 Nc7 19. Bf1 Qc8 20. Ra5 Ne6 21. Ne2 Qc7 22. Qa2 c5 23. d5 Nc8 24. Rc1 b6 25. Ra6 Nf8 26. b4 Qe5 27. bxc5 Qxe4 28. Bg2 Qf5 29. cxb6 Rd7 30. d6 Rb8 31. dxe7 Rxe7 32. bxa7 Nxa7 33. Rxa7 Rxe3 34. fxe3 Bh6 35. Nf4 Qf6 36. Rxf7 1-0

[Event "EU-ch U14 23rd"]
[Site "Budva"]
[Date "2013.10.02"]
[Round "4"]
[White "Puchko, Nikolay"]
[Black "Fedotov, Nikita"]
[Result "1-0"]
[WhiteElo "1794"]
[BlackElo "2048"]
[PlyCount "137"]
[EventDate "2013.09.29"]
[EventType "swiss"]
[EventRounds "9"]
[EventCountry "MNE"]
[SourceTitle "EXT 2014"]
[Source "ChessBase"]
[SourceDate "2013.11.20"]
[SourceVersion "1"]
[SourceVersionDate "2013.11.20"]
[SourceQuality "1"]

1. e4 c5 2. Nf3 d6 3. d4 cxd4 4. Nxd4 Nf6 5. Nc3 a6 6. h3 b5 7. g4 Bb7 8. Bg2 e6 9. g5 Nfd7 10. a3 Be7 11. f4 Nb6 12. h4 0-0 13. h5 Nc6 14. Nxc6 Bxc6 15. Qd4 e5 16. fxe5 dxe5 17. Qxd8 Raxd8 18. b3 Bc5 19. Ke2 Bd4 20. Bb2 f5 21. gxf6 Rxf6 22. Rhf1 Rfd6 23. Rad1 Be8 24. Bf3 Rc6 25. Rd3 Rdc8 26. Nd1 Rxc2+ 27. Rd2 Bxb2 28. Nxb2 Bf7 29. Bg4 Rxd2+ 30. Kxd2 Rd8+ 31. Kc3 a5 32. Rd1 Rxd1 33. Bxd1 Nd7 34. Nd3 Be6 35. Be2 g5 36. hxg6 hxg6 37. Nf2 Nc5 38. Bxb5 Nxb3 39. Bc4 Nc5 40. Bxe6+ Nxe6 41. Kc4 Kf7 42. Ng4 Ng5 43. Nxe5+ Kf6 44. Kd5 a4 45. Ng4+ Ke7 46. Ne5 Kf6 47. Nd7+ Ke7 48. Nc5 Nf3 49. Nxa4 g5 50. Nc3 g4 51. Ne2 Nd2 52. a4 Kd7 53. Ng3 Nf3 54. e5 Ng5 55. Ne4 Ne6 56. Nf6+ Ke7 57. Nxg4 Nf8 58. Ne3 Kd7 59. Nc4 Ne6 60. Nb6+ Ke7 61. a5 Nc7+ 62. Kc6 Na6 63. Nc4 Kd8 64. Kb6 Nc7 65. a6 Kc8 66. Nd6+ Kd7 67. a7 Nd5+ 68. Kb7 Nc7 69. Nb5 1-0

[Event "Kaluga Tsiolkovsky Memorial op"]
[Site "Kaluga"]
[Date "2013.08.10"]
[Round "8"]
[White "Fedotov, Nikita"]
[Black "Moiseev, Alexander"]
[Result "1/2-1/2"]
[WhiteElo "1962"]
[BlackElo "1919"]
[PlyCount "66"]
[EventDate "2013.08.03"]
[EventType "swiss"]
[EventRounds "9"]
[EventCountry "RUS"]
[SourceTitle "CBM 156 Extra"]
[Source "ChessBase"]
[SourceDate "2013.10.22"]
[SourceVersion "1"]
[SourceVersionDate "2013.10.22"]
[SourceQuality "1"]

1. Nf3 Nf6 2. c4 e6 3. Nc3 d5 4. d4 Nbd7 5. Bf4 Bb4 6. e3 c5 7. a3 Bxc3+ 8. bxc3 Qa5 9. Qb3 Ne4 10. Rc1 Ndf6 11. cxd5 exd5 12. Bb5+ Kf8 13. dxc5 a6 14. Be2 Qxc5 15. 0-0 b5 16. Be5 Bd7 17. h3 g5 18. Qb4 Qxb4 19. cxb4 Ke7 20. Rfd1 Rhg8 21. Nd4 Rac8 22. Nb3 g4 23. h4 h5 24. g3 Be6 25. Bd4 Nd7 26. Bd3 f6 27. Bxe4 dxe4 28. Nc5 Nxc5 29. Bxc5+ Kf7 30. Rd6 Ra8 31. Rcd1 a5 32. Rb6 axb4 33. axb4 Rgb8 1/2-1/2

[Event "Kaluga Tsiolkovsky Memorial op"]
[Site "Kaluga"]
[Date "2013.08.04"]
[Round "2"]
[White "Kostin, Sergei Anatolievich"]
[Black "Fedotov, Nikita"]
[Result "0-1"]
[WhiteElo "2320"]
[BlackElo "1962"]
[PlyCount "85"]
[EventDate "2013.08.03"]
[EventType "swiss"]
[EventRounds "9"]
[EventCountry "RUS"]
[SourceTitle "CBM 156 Extra"]
[Source "ChessBase"]
[SourceDate "2013.10.22"]
[SourceVersion "1"]
[SourceVersionDate "2013.10.22"]
[SourceQuality "1"]

1. d4 Nf6 2. c4 g6 3. Nc3 d5 4. cxd5 Nxd5 5. e4 Nxc3 6. bxc3 Bg7 7. Be3 c5 8. Qd2 Nc6 9. d5 Qa5 10. Rc1 Ne5 11. Be2 0-0 12. c4 Qxd2+ 13. Kxd2 b6 14. h3 Bb7 15. f4 Nd7 16. Bf3 e6 17. Ne2 Rad8 18. Nc3 Ba6 19. Be2 Rfe8 20. Bd3 exd5 21. exd5 Nf6 22. a4 Re7 23. g4 Ne8 24. Nb5 Bxb5 25. axb5 Nd6 26. f5 gxf5 27. gxf5 Rxe3 28. Kxe3 Bh6+ 29. Kf3 Bxc1 30. Rxc1 Kg7 31. Ra1 Rd7 32. Rg1+ Kf6 33. Kf4 Rd8 34. Rg4 Re8 35. Rh4 Kg7 36. f6+ Kxf6 37. Rh6+ Ke7 38. Rxh7 a5 39. bxa6 Ra8 40. Ke5 Rxa6 41. h4 Ra3 42. Bf1 Rf3 43. Bg2 0-1

[Event "Nezhmetdinov Memorial 35th"]
[Site "Kazan"]
[Date "2013.06.04"]
[Round "5"]
[White "Safiullin, Rafael"]
[Black "Fedotov, Nikita"]
[Result "1-0"]
[WhiteElo "2149"]
[BlackElo "1973"]
[PlyCount "81"]
[EventDate "2013.05.31"]
[EventType "swiss"]
[EventRounds "9"]
[EventCountry "RUS"]
[SourceTitle "CBM 154 Extra"]
[Source "ChessBase"]
[SourceDate "2013.06.25"]
[SourceVersion "2"]
[SourceVersionDate "2013.06.25"]
[SourceQuality "1"]

1. e4 c5 2. Nf3 e6 3. d4 cxd4 4. Nxd4 a6 5. Bd3 Nf6 6. 0-0 d6 7. Kh1 Be7 8. f4 Nbd7 9. Qf3 Qc7 10. Nc3 b5 11. a3 Bb7 12. Bd2 0-0 13. Rae1 Nb6 14. Qh3 Nfd7 15. e5 g6 16. f5 Nxe5 17. fxe6 f6 18. Rf4 Nxd3 19. cxd3 f5 20. Rff1 Kh8 21. Nf3 Qd8 22. Qh6 f4 23. Ne4 Nd5 24. Neg5 Bxg5 25. Nxg5 Qe7 26. Nf7+ Kg8 27. Bxf4 Nxf4 28. Rxf4 Bd5 29. Rh4 Rxf7 30. exf7+ Qxf7 31. Rf4 Qb7 32. Qg5 Rc8 33. h4 Qc6 34. h5 Bf7 35. Rxf7 Kxf7 36. Re7+ Kg8 37. Qf6 Qc1+ 38. Kh2 Qh6 39. Qe6+ Kf8 40. Rf7+ Kg8 41. Rc7+ 1-0

[Event "Kaluga Tsiolkovsky Memorial op"]
[Site "Kaluga"]
[Date "2012.08.05"]
[Round "6"]
[White "Fedotov, Nikita"]
[Black "Vershinin, Andrey A"]
[Result "1-0"]
[WhiteElo "1904"]
[BlackElo "1963"]
[PlyCount "59"]
[EventDate "2012.07.30"]
[EventType "swiss"]
[EventRounds "9"]
[EventCountry "RUS"]
[SourceTitle "EXT 2014"]
[Source "ChessBase"]
[SourceDate "2013.11.20"]
[SourceVersion "1"]
[SourceVersionDate "2013.11.20"]
[SourceQuality "1"]

1. d4 Nf6 2. c4 e6 3. Nc3 d5 4. Nf3 Nbd7 5. Bf4 c6 6. e3 Be7 7. c5 0-0 8. Bd3 Re8 9. 0-0 Bxc5 10. dxc5 e5 11. b4 exf4 12. exf4 Qc7 13. g3 Nf8 14. Qc2 Bh3 15. Rfe1 Ng6 16. Ng5 Bd7 17. Ne2 Re7 18. Nd4 Rae8 19. Rxe7 Rxe7 20. a4 b6 21. Rc1 Re8 22. b5 cxb5 23. c6 Bc8 24. Nxb5 Qe7 25. c7 Nd7 26. Nxa7 Nc5 27. Bb5 Rf8 28. a5 Ne6 29. Nxe6 Qxe6 30. f5 1-0

[Event "Kaluga Tsiolkovsky Memorial op"]
[Site "Kaluga"]
[Date "2012.08.05"]
[Round "7"]
[White "Yurchenkov, Yury"]
[Black "Fedotov, Nikita"]
[Result "0-1"]
[WhiteElo "1978"]
[BlackElo "1904"]
[PlyCount "54"]
[EventDate "2012.07.30"]
[EventType "swiss"]
[EventRounds "9"]
[EventCountry "RUS"]
[SourceTitle "EXT 2014"]
[Source "ChessBase"]
[SourceDate "2013.11.20"]
[SourceVersion "1"]
[SourceVersionDate "2013.11.20"]
[SourceQuality "1"]

1. e4 c5 2. Nf3 d6 3. d4 cxd4 4. Nxd4 Nf6 5. Nc3 a6 6. Bg5 e6 7. f4 Nbd7 8. Qf3 Qc7 9. 0-0-0 b5 10. Bd3 b4 11. Nce2 Bb7 12. Kb1 Be7 13. Rhe1 Nc5 14. Bxf6 Bxf6 15. f5 d5 16. exd5 Bxd5 17. Qh3 Rd8 18. fxe6 Nxe6 19. Bf5 Nxd4 20. Nxd4+ Kf8 21. Qg4 h5 22. Qe2 g6 23. Be4 Bxd4 24. Rxd4 Bxa2+ 25. Kxa2 Rxd4 26. Bxg6 Qc4+ 27. Qxc4 Rxc4 0-1

[Event "Kaluga Tsiolkovsky Memorial op"]
[Site "Kaluga"]
[Date "2012.08.01"]
[Round "3"]
[White "Fedotov, Nikita"]
[Black "Moiseev, Alexander"]
[Result "0-1"]
[WhiteElo "1904"]
[BlackElo "1919"]
[PlyCount "59"]
[EventDate "2012.07.30"]
[EventType "swiss"]
[EventRounds "9"]
[EventCountry "RUS"]
[SourceTitle "EXT 2014"]
[Source "ChessBase"]
[SourceDate "2013.11.20"]
[SourceVersion "1"]
[SourceVersionDate "2013.11.20"]
[SourceQuality "1"]

1. d4 e6 2. c4 Nf6 3. a3 c5 4. Nf3 cxd4 5. Nxd4 b6 6. Nc3 Bb7 7. Bg5 d6 8. Ndb5 a6 9. Bxf6 gxf6 10. Nd4 f5 11. e3 Nd7 12. Qa4 Bg7 13. Be2 0-0 14. Bf3 f4 15. Bxb7 Nc5 16. Qd1 Nxb7 17. exf4 Rc8 18. 0-0 Rxc4 19. Nde2 d5 20. Rc1 Qc7 21. Qd2 Nc5 22. f5 Nb3 23. Qg5 h6 24. Qh5 Nxc1 25. Nxc1 d4 26. N3e2 Qc5 27. Nd3 Qxf5 28. Qxf5 exf5 29. Nef4 Re8 30. g3 0-1

[Event "Kaluga Tsiolkovsky Memorial op"]
[Site "Kaluga"]
[Date "2012.07.30"]
[Round "1"]
[White "Fedotov, Nikita"]
[Black "Kachar, Vladimir"]
[Result "1/2-1/2"]
[WhiteElo "1904"]
[BlackElo "2250"]
[PlyCount "133"]
[EventDate "2012.07.30"]
[EventType "swiss"]
[EventRounds "9"]
[EventCountry "RUS"]
[SourceTitle "EXT 2014"]
[Source "ChessBase"]
[SourceDate "2013.11.20"]
[SourceVersion "1"]
[SourceVersionDate "2013.11.20"]
[SourceQuality "1"]

1. d4 Nf6 2. c4 e6 3. a3 c5 4. Nf3 cxd4 5. Nxd4 a6 6. Nc3 Qc7 7. e4 Nc6 8. Be2 Ne5 9. b3 d6 10. Be3 b6 11. Rc1 Bb7 12. f3 Be7 13. 0-0 Ned7 14. b4 0-0 15. Qb3 Rac8 16. Rfd1 Rfe8 17. Na4 Qb8 18. g4 h6 19. Bf1 Ba8 20. Rc2 Ne5 21. Rg2 Ng6 22. Ne2 Nd7 23. Nf4 Nge5 24. Be2 Qc7 25. Nb2 Bg5 26. Nh5 Ng6 27. Bxg5 hxg5 28. Qe3 f6 29. Qd2 Nde5 30. Qxd6 Qa7 31. Qd4 a5 32. b5 a4 33. c5 Rxc5 34. Qxa4 Qc7 35. Nd3 Rc3 36. Nxe5 Nxe5 37. Rf2 Qc5 38. Qa7 Qc7 39. Qxc7 Rxc7 40. Rd6 Ra7 41. Rxb6 Rxa3 42. Kg2 Kf7 43. Ra6 Rxa6 44. bxa6 f5 45. gxf5 exf5 46. Ng3 f4 47. Nf5 Rd8 48. h3 Kf6 49. Bf1 Rd1 50. Rb2 Nxf3 51. Kxf3 Rxf1+ 52. Ke2 Ra1 53. Rb6+ Ke5 54. Nd6 Bxe4 55. Nxe4 Kxe4 56. Re6+ Kf5 57. Rb6 Ra5 58. Kf3 Ra3+ 59. Kg2 Ke4 60. Re6+ Kf5 61. Rb6 g4 62. hxg4+ Ke4 63. Re6+ Kd4 64. Rg6 Ke3 65. Re6+ Kd4 66. Rg6 Ke4 67. Re6+ 1/2-1/2